Композиционные силикатные краски с улучшенными технологическими сойствами; Материалы и технологии новых поколений в современном материаловедении

Detaylı Bibliyografya
Parent link:Материалы и технологии новых поколений в современном материаловедении.— 2015.— [С. 131-135]
Yazar: Лебедева Е. Ю.
Müşterek Yazar: Национальный исследовательский Томский политехнический университет (ТПУ) Институт физики высоких технологий (ИФВТ) Кафедра технологии силикатов и наноматериалов (ТСН)
Diğer Yazarlar: Казьмина О. В. Ольга Викторовна
Özet:Заглавие с титульного экрана
The composition of one-packing silicate paint on the basis of liquid glass modified by acrylic dispersion in number of 5%, including inactive filler in number of 15% in the form of talc and chalk, zinc oxide ranging from 5 to 9% as a hardener, and an active silica component which contents changes depending on its nature was developed. Liquid glass compositions with usage of aerosol and activated quartz sand was received. They improved characteristics and increased viability approximately to one year.
Dil:Rusça
Baskı/Yayın Bilgisi: 2015
Seri Bilgileri:Поверхностное упрочнение и защитные покрытия
Konular:
Online Erişim:http://earchive.tpu.ru/handle/11683/18258
http://www.lib.tpu.ru/fulltext/c/2015/C39/028.pdf
Materyal Türü: MixedMaterials Elektronik Kitap Bölümü
KOHA link:https://koha.lib.tpu.ru/cgi-bin/koha/opac-detail.pl?biblionumber=616414

MARC

LEADER 00000naa2a2200000 4500
001 616414
005 20231223162417.0
035 |a (RuTPU)RU\TPU\conf\14652 
035 |a RU\TPU\conf\14650 
090 |a 616414 
100 |a 20151225d2015 k y0rusy50 ca 
101 0 |a rus 
102 |a RU 
105 |a y z 101zy 
135 |a drgn ---uucaa 
181 0 |a i  
182 0 |a b 
200 1 |a Композиционные силикатные краски с улучшенными технологическими сойствами  |d The composite silicate paints with improved technological properties  |f Е. Ю. Лебедева, О. В. Казьмина 
203 |a Текст  |c электронный 
225 1 |a Поверхностное упрочнение и защитные покрытия 
300 |a Заглавие с титульного экрана 
320 |a [Библиогр.: с. 135 (4 назв.)] 
330 |a The composition of one-packing silicate paint on the basis of liquid glass modified by acrylic dispersion in number of 5%, including inactive filler in number of 15% in the form of talc and chalk, zinc oxide ranging from 5 to 9% as a hardener, and an active silica component which contents changes depending on its nature was developed. Liquid glass compositions with usage of aerosol and activated quartz sand was received. They improved characteristics and increased viability approximately to one year. 
337 |a Adobe Reader 
463 0 |0 (RuTPU)RU\TPU\conf\14276  |t Материалы и технологии новых поколений в современном материаловедении  |o сборник трудов Международной конференции с элементами научной школы для молодежи, г. Томск, 9 – 11 ноября 2015 г.  |f Национальный исследовательский Томский политехнический университет (ТПУ) ; Академия наук СССР (АН СССР), Сибирское отделение (СО), Институт физики прочности и материаловедения (ИФПМ) ; Российский фонд фундаментальных исследований (РФФИ)  |v [С. 131-135]  |d 2015 
510 1 |a The composite silicate paints with improved technological properties  |z eng 
610 1 |a труды учёных ТПУ 
610 1 |a электронный ресурс 
610 1 |a композиционные краски 
610 1 |a силикатные краски 
610 1 |a технологические свойства 
610 1 |a лакокрасочные покрытия 
610 1 |a покрытия 
700 1 |a Лебедева  |b Е. Ю. 
701 1 |a Казьмина  |b О. В.  |c химик-технолог  |c профессор Томского политехнического университета, доктор технических наук  |f 1967-  |g Ольга Викторовна  |3 (RuTPU)RU\TPU\pers\26196  |9 12004 
712 0 2 |a Национальный исследовательский Томский политехнический университет (ТПУ)  |b Институт физики высоких технологий (ИФВТ)  |b Кафедра технологии силикатов и наноматериалов (ТСН)  |3 (RuTPU)RU\TPU\col\18694 
801 2 |a RU  |b 63413507  |c 20210209  |g RCR 
856 4 |u http://earchive.tpu.ru/handle/11683/18258 
856 4 |u http://www.lib.tpu.ru/fulltext/c/2015/C39/028.pdf 
942 |c BK